Culture Générale - Série 2401 - Statistiques

Statistiques générales
  • Ce quiz a été pris 186 fois
  • Le résultat moyen est 5 sur 10
Statistiques - réponses
Question Réponse % Correct
Quel ministère occupe actuellement Éric Dupond-Moretti, ? Justice
88%
Quel animal à écailles a-t-on accusé d’avoir transmis le coronavirus à l’Homme ? pangolin
86%
Quel animateur a remplacé Philippe Bouvard à la présentation des Grosses Têtes en 2014 ? prénom et nom Laurent Ruquier
69%
Sous quel pont de Paris peut-on admirer le célèbre zouave ? Alma
53%
De quel pays est originaire le mets fait de légumes fermentés, appelé "kimchi" ? Corée
47%
Quel est le prénom de l'auteur du livre "Poil de carotte", paru en 1894 ? Jules
38%
Quel métier a exercé Lino Ventura avant d'être acteur ? voir photo catcheur
27%
Comment se nomme le massif montagneux situé au cœur de la Provence, entre le Luberon et la Camargue ? Alpilles
22%
Quel film a réuni en1970 Bourvil, Delon,Montand ? 3 mots le cercle rouge
16%
Dans la mythologie grecque, comment s'appelle le chien d'Ulysse ? Argos
11%
Aucun quiz correspondant
Distribution des résultats
% des personnes avec chaque résultat
Percentile par nombre de réponses
Votre historique - résultats
Vous n’avez pas pris ce quiz